000 00649nam a2200253 i 4500
001 bgj
100 1 _aGRAHAME, Kenneth
_d(1859-1932).
245 1 0 _aThe Wind in the Willows /
_cKenneth Grahame.
260 _aWare :
_bWordsworth Classics,
_c1992.
300 _a[3], 302 pp ;
_c18 cm.
490 1 _aWordsworth Classics
650 9 _aAnimals
650 9 _aFriendship
650 9 _aEnglish fiction
655 _aFiction
655 _aChildren stories
830 _aWordsworth Classics
020 _a1853260177
040 _cBPK
041 0 _aeng
920 _a1-85326-017-7
942 _cKS
008 s uk f |000 0 eng
999 _c48843
_d48843
856 _uhttp://koha.tu.koszalin.pl/cgi-bin/koha/opac-detail.pl?biblionumber=48843
_yKatalog online BPK